Les anciens pays - Mort subite - Statistiques

Statistiques générales
  • Ce quiz a été pris 244 fois
  • Le résultat moyen est 4 sur 19
Answers on the Grid
Answers color-coded by a green-red scale on the quiz's grid according to % correct below.
Prussie
Yougoslavie
Tchéquoslavie
Rhodésie
Empire Napoléonien
Sikkim
Mandchoukouo
Autriche Hongrie
République Saharienne
Confédération Slave
Biafra
Nouvelle Bourgogne
Tanganyika
République de Venise
Anatolie
Congo-Léopoldville
Basse-Volta
Empire de Bohême
République de Transylvanie
République arabe unie
Empire de Zanzibar
Gran Colombia
Fédération scandinave
Allemagne de l’Est
République de Saint-Domingue
Nubie
République balte unifiée
République fédérale du Katanga
Royaume d’Hawaï
Confédération sud-américaine
Empire ottoman
République texane
Fédération balkanique
République de Patagonie
République soviétique d’Alaska
République de Gascogne
Listenbourg
République d'Irlande Centrale
République Nord-Africaine
République Alpine
 
Statistiques - réponses
Réponse % Correct
Yougoslavie
63%
Allemagne de l’Est
43%
Empire ottoman
43%
Autriche Hongrie
38%
Rhodésie
29%
République de Venise
21%
Prussie
17%
Empire de Zanzibar
15%
Royaume d’Hawaï
15%
Tanganyika
14%
Mandchoukouo
11%
Congo-Léopoldville
10%
République arabe unie
10%
Basse-Volta
8%
Biafra
8%
République texane
8%
Gran Colombia
6%
Sikkim
2%
République fédérale du Katanga
1%
Aucun quiz correspondant
Distribution des résultats
% des personnes avec chaque résultat
Percentile par nombre de réponses
Votre historique - résultats
Vous n’avez pas pris ce quiz